[Event "Dunedin New Year op"]
[Site "Dunedin"]
[Date "1999.??.??"]
[Round "1.6"]
[White "Keeling, Roy A"]
[Black "Vincent, Matthew B"]
[Result "0-1"]
[WhiteElo "1431"]
[BlackElo "1843"]
[PlyCount "100"]
[EventDate "1999.01.??"]
[EventType "swiss"]
[EventRounds "6"]
[EventCountry "NZL"]
[SourceTitle "EXT 2003"]
[Source "ChessBase"]
[SourceDate "2002.11.25"]
[SourceVersion "1"]
[SourceVersionDate "2002.11.25"]
[SourceQuality "1"]

1. d4 Nf6 2. Nf3 g6 3. Bf4 Bg7 4. e3 0-0 5. c4 b6 6. Nc3 Bb7 7. Be2 d5 8. b3 c5 9. Rc1 cxd4 10. exd4 Nc6 11. Bg3 Re8 12. 0-0 Ne4 13. Nxd5 Nxg3 14. hxg3 e6 15. Nf4 Nxd4 16. Bd3 Bh6 17. Rb1 Nxf3+ 18. gxf3 Bxf4 19. gxf4 Qh4 20. Be4 Bxe4 21. fxe4 Qxf4 22. Re1 Rac8 23. Qe2 Rc5 24. Kf1 Rh5 25. Qe3 Qxe3 26. fxe3 Rd8 27. Rb2 Re5 28. Ree2 Rxe4 29. Kf2 Rh4 30. Kg3 Rh1 31. Kg2 Rhd1 32. Kf3 Kg7 33. Ke4 g5 34. Kf3 h5 35. e4 e5 36. Rh2 Kg6 37. Ke3 R1d3+ 38. Kf2 g4 39. Kf1 Rd1+ 40. Ke2 R1d4 41. Ke3 Rd3+ 42. Ke2 R8d4 43. Rg2 Rf3 44. Ke1 Rxe4+ 45. Rbe2 Rfe3 46. Rxe3 Rxe3+ 47. Re2 Rxe2+ 48. Kxe2 Kf5 49. b4 Ke4 50. a4 Kd4 0-1

[Event "NZL-ch Major op"]
[Site "Dunedin"]
[Date "1999.??.??"]
[Round "4.2"]
[White "McNabb, Matthew David"]
[Black "Vincent, Matthew B"]
[Result "0-1"]
[WhiteElo "1717"]
[BlackElo "1843"]
[PlyCount "52"]
[EventDate "1998.??.??"]
[EventType "swiss"]
[EventRounds "11"]
[EventCountry "NZL"]
[SourceTitle "EXT 2003"]
[Source "ChessBase"]
[SourceDate "2002.11.25"]
[SourceVersion "1"]
[SourceVersionDate "2002.11.25"]
[SourceQuality "1"]

1. e4 c5 2. Nf3 d6 3. d4 cxd4 4. Nxd4 Nf6 5. Nc3 g6 6. Be3 Bg7 7. f3 Nc6 8. Qd2 0-0 9. Bc4 Bd7 10. h4 Qa5 11. h5 Nxh5 12. g4 Nf6 13. 0-0-0 Rfc8 14. Nb3 Qd8 15. Bh6 Bh8 16. Nd5 Ne5 17. Nxf6+ Bxf6 18. Be2 Be6 19. Qf4 Bc4 20. Qh2 Bxe2 21. Qxe2 Nc4 22. Qh2 Bxb2+ 23. Kb1 Be5 24. Rd2 Na3+ 25. Kc1 Bxh2 26. Rdxh2 Rxc2+ 0-1

[Event "Dunedin New Year op"]
[Site "Dunedin"]
[Date "1999.??.??"]
[Round "6.3"]
[White "Sinclair, Mark"]
[Black "Vincent, Matthew B"]
[Result "1-0"]
[WhiteElo "2170"]
[BlackElo "1843"]
[PlyCount "27"]
[EventDate "1999.01.??"]
[EventType "swiss"]
[EventRounds "6"]
[EventCountry "NZL"]
[SourceTitle "EXT 2003"]
[Source "ChessBase"]
[SourceDate "2002.11.25"]
[SourceVersion "1"]
[SourceVersionDate "2002.11.25"]
[SourceQuality "1"]

1. e4 e5 2. Bc4 Nc6 3. Nc3 Bc5 4. Qg4 Qf6 5. Nd5 Qxf2+ 6. Kd1 Kf8 7. Nh3 Qd4 8. d3 Bb6 9. Rf1 Nce7 10. Qh4 f5 11. c3 Qc5 12. Rxf5+ Ke8 13. Rxe5 Qd6 14. Bf4 1-0

[Event "NZL-ch Major op"]
[Site "Dunedin"]
[Date "1999.??.??"]
[Round "5.2"]
[White "Vincent, Matthew B"]
[Black "Donaldson, Bruce"]
[Result "1-0"]
[WhiteElo "1843"]
[BlackElo "1466"]
[PlyCount "57"]
[EventDate "1998.??.??"]
[EventType "swiss"]
[EventRounds "11"]
[EventCountry "NZL"]
[SourceTitle "EXT 2003"]
[Source "ChessBase"]
[SourceDate "2002.11.25"]
[SourceVersion "1"]
[SourceVersionDate "2002.11.25"]
[SourceQuality "1"]

1. e4 c5 2. Nf3 Nc6 3. d4 cxd4 4. Nxd4 e5 5. Nb5 d6 6. N1c3 a6 7. Na3 b5 8. Nd5 Nge7 9. c4 Nxd5 10. exd5 Nd4 11. cxb5 Be7 12. Be3 Nf5 13. Bd3 Nxe3 14. fxe3 Bh4+ 15. g3 Bg5 16. Nc2 Qb6 17. Qe2 Bb7 18. e4 0-0 19. bxa6 Bxa6 20. Bxa6 Rxa6 21. b4 f5 22. exf5 Rxf5 23. Rf1 Rxf1+ 24. Kxf1 Ra8 25. Kg2 Qc7 26. a3 Qc3 27. Rf1 Rc8 28. Rf2 Bd2 29. Qxd2 1-0

[Event "NZL-ch Major op"]
[Site "Dunedin"]
[Date "1999.??.??"]
[Round "9.4"]
[White "Vincent, Matthew B"]
[Black "Gloistein, Bruce H"]
[Result "1-0"]
[WhiteElo "1843"]
[BlackElo "1549"]
[PlyCount "75"]
[EventDate "1998.??.??"]
[EventType "swiss"]
[EventRounds "11"]
[EventCountry "NZL"]
[SourceTitle "EXT 2003"]
[Source "ChessBase"]
[SourceDate "2002.11.25"]
[SourceVersion "1"]
[SourceVersionDate "2002.11.25"]
[SourceQuality "1"]

1. e4 e5 2. Nf3 Nc6 3. Bc4 d6 4. c3 Na5 5. Bb5+ c6 6. Bd3 Be6 7. 0-0 b5 8. Re1 Be7 9. Bc2 Qc7 10. a4 Rb8 11. axb5 cxb5 12. d4 Bg4 13. d5 Nf6 14. h3 Bxf3 15. Qxf3 0-0 16. b4 Nc4 17. Bd3 Rb7 18. Ra6 Rb6 19. Rxb6 Qxb6 20. Bxc4 bxc4 21. Qe2 Rc8 22. Qa2 Qb7 23. f3 Bd8 24. Be3 Bb6 25. Nd2 Bxe3+ 26. Rxe3 Qb6 27. Kf2 Qb7 28. g3 Nxd5 29. exd5 Qxd5 30. Re4 Qe6 31. Rxc4 Re8 32. Kg2 d5 33. Rc5 Qh6 34. Rxd5 Qe3 35. Ne4 h5 36. h4 Rc8 37. Rxe5 Kf8 38. Nd6 1-0